Jugadores que han ganado la Champions y el Mundial – Muerte Súbita - Estadísticas

Estadísticas generales
  • Esta prueba ha sido intentada 112 veces
  • La puntuación promedio es 4 de 15
Answers on the Grid
Answers color-coded by a green-red scale on the quiz's grid according to % correct below.
Zinedine Zidane
Thierry Henry
Bixente Lizarazu
Julian Álvarez
Andrés Iniesta
Kaká
Manuel Neuer
Ángel Di María
Olivier Giroud
Ousmane Dembélé
Ronaldinho
Didier Deschamps
Didi
N'Golo Kanté
Fabien Barthez
David Beckham
Neymar
Diego Maradona
Fabio Cannavaro
Mesut Özil
Mats Hummels
Pelé
Kylian Mbappé
Karim Benzema
Paolo Maldini
Antoine Griezmann
Zlatan Ibrahimović
Cristiano Ronaldo
Ronaldo (R9)
Gianluigi Buffon
 
Estadísticas de respuestas
Respuesta % Correcto
Mundial 2014 / UCL 2013, 2020 Manuel Neuer
51%
Mundial 2010 / UCL 2006, 2009, 2011, 2015 Andrés Iniesta
46%
Mundial 1998 / UCL 2002 Zinedine Zidane
46%
Mundial 2002 / UCL 2006 Ronaldinho
40%
Mundial 2002 / UCL 2007 Kaká
38%
Mundial 2018 / UCL 2025 Ousmane Dembélé
38%
Mundial 2022 / UCL 2014 Ángel Di María
37%
Mundial 2018 / UCL 2021 N'Golo Kanté
37%
Mundial 2022 / UCL 2023 Julian Álvarez
32%
Mundial 1998 / UCL 2009 Thierry Henry
28%
Mundial 1998 / UCL 1993, 1996 Didier Deschamps
18%
Mundial 2018 / UCL 2021 Olivier Giroud
14%
Mundial 1998 / UCL 2001 Bixente Lizarazu
9%
Mundial 1998 / UCL 1993 Fabien Barthez
8%
Mundial 1958, 1962 / UCL 1960 Didi
6%
No se encontraron pruebas coincidentes
Distribución de puntuación
Porcentaje de gente con cada puntuación
Porcentaje por número respondido
Historial de tus puntuaciones
No has intentado esta prueba.